M. Majoroš: Uchovávanie údajov by nemali platiť len operátori

Bibliographic Details
Main Author: Majoroš, Miroslav 1959- (Author)
Format: Article
Language:Slovak
PhysicalDescription:Fotogr.
ISSN:1336-9857
Subjects:

MARC

LEADER 00000nab a2200000 ar4500
001 vtls009003552
003 SK-MaSNL
005 20260303065556.0
008 070628c2007 xo mr|p|||||||000 b|slo
015 |a SNBRB2007/06  |2 snkbucl 
038 |a SNKBUCL 
040 |a SNKBUCL  |b slo  |c SNKBUCL  |e AACR2 
041 0 |a slo 
044 |a xo  |c SK 
080 |a 654.165:004.62  |2 2001 
080 |a 004.738.5:004.62  |2 2001 
080 |a 004.62  |2 2001 
080 |a 004.056.3  |2 2001 
245 0 0 |a M. Majoroš: Uchovávanie údajov by nemali platiť len operátori  |c [autor] -pr- 
300 |b Fotogr. 
650 0 7 |a mobilná komunikácia  |2 snkbucl  |9 266781 
650 0 7 |a elektronická komunikácia  |2 snkbucl  |9 29306 
650 0 7 |a uchovávanie údajov  |2 snkbucl  |9 1065829 
700 1 |a Majoroš, Miroslav  |d 1959-  |4 ive  |4 aut  |9 895011 
773 0 |t Revue priemyslu  |g Č. 6 (2007), s. 64-65  |x 1336-9857 
852 |a SNK  |b KIS3GCP 
999 |c 1751764  |d 1753694